| 000 | 00817cam a22002415a 4500 | ||
|---|---|---|---|
| 001 | 016494921 | ||
| 003 | OSt | ||
| 005 | 20151116152410.0 | ||
| 008 | 130802t2014 inua frb 001 0 eng d | ||
| 020 | _a9781118661468 (pbk.) | ||
| 040 |
_aStDuBDS _beng _cStDuBDS _dUk _dEG-ScBUE |
||
| 082 | 0 | 4 |
_a006.31 _222 _bFOR |
| 100 | 1 |
_aForeman, John W. _938760 |
|
| 245 | 1 | 0 |
_aData smart : _busing data science to transform information into insight / _cJohn W. Foreman. |
| 260 |
_aIndianapolis : _bJohn Wiley & Sons, _cc.2014. |
||
| 300 |
_axx, 409 p. : _bill. (black and white) ; _c24 cm. |
||
| 500 | _aIndex : p. 401-409. | ||
| 504 | _aIncludes bibliographical references. | ||
| 650 | 7 |
_aData mining. _2BUEsh _927695 |
|
| 650 | 7 |
_aWeb sites _97205 _xDesign. _2BUEsh |
|
| 653 |
_bCOMSCI _cAugust2015 _cNovember2015 |
||
| 942 | _2ddc | ||
| 999 |
_c20683 _d20655 |
||